00376 2200157 4500001002100000005001500021035002000036245003200056100001400088300002800102260003200130082000800162084001400170020002200184990001200206INLIS00000000000315620251126101202 a0010-11250000171 aSi Anak Pintar /cTere Liye0 aTere Liye a349 hlm ;c14 x 20,5 cm aJakarta :bRepublika,c2018 a813 a813 TER s a978-602-5734-50-2 a0754559